[Event "Havana Giraldilla op"]
[Site "Havana"]
[Date "2024.08.17"]
[Round "9"]
[White "Tano Gonzalez, Kevin David"]
[Black "Lazo De la Vega Aja, Adriel"]
[Result "0-1"]
[WhiteElo "1659"]
[BlackElo "1688"]
[PlyCount "110"]
[EventDate "2024.08.12"]
[EventType "swiss"]
[EventRounds "9"]
[EventCountry "CUB"]
[SourceTitle "CBM 221 Extra"]
[Source "ChessBase"]
[SourceDate "2024.09.30"]
[SourceVersion "1"]
[SourceVersionDate "2024.09.30"]
[SourceQuality "1"]

1. e4 d5 2. exd5 Qxd5 3. Nc3 Qa5 4. d4 Nf6 5. Bc4 Bf5 6. Bd2 c6 7. Nf3 e6 8. Nh4 Bg6 9. Nxg6 hxg6 10. Qe2 Qc7 11. h3 Nbd7 12. 0-0-0 b5 13. Bd3 Be7 14. g4 Nb6 15. f4 Nfd5 16. Nxd5 Nxd5 17. Rdf1 0-0-0 18. f5 exf5 19. gxf5 g5 20. Rhg1 f6 21. Rh1 Bd6 22. Qf3 Bf4 23. Rf2 Bxd2+ 24. Rxd2 Qf4 25. Qg2 Kc7 26. Rf1 Ne3 27. Rxf4 Nxg2 28. Rg4 Nf4 29. h4 Nxd3+ 30. Rxd3 Rxh4 31. Rxh4 gxh4 32. c3 Rh8 33. Rh3 Rh5 34. Kd2 Rxf5 35. Rxh4 Rf2+ 36. Ke3 Rxb2 37. Rh7 Rg2 38. a3 Rg5 39. Rh8 Rg3+ 40. Kd2 g5 41. Rh7+ Kb6 42. Rf7 Rf3 43. Ke2 Rf4 44. Rg7 a5 45. Ke3 Rf1 46. Rg6 Ra1 47. Rxf6 Rxa3 48. Kd3 b4 49. Kd2 Rxc3 50. d5 Kc7 51. dxc6 Rxc6 52. Rf5 Ra6 53. Rxg5 a4 54. Rb5 a3 55. Rxb4 a2 0-1